Datum a čas kvízu
28
Celkem bodů
Celkový počet nahraných bodů na tomto kvízu bez doplňovacích otázek.
9.
Pořadí na kvízu
Konečné umístění týmu na tomto kvízu.
Zaznamenané odpovědi
| # | Otázka | Odpověď | Body | Výsledky |
|---|---|---|---|---|
| 1. | Evergreenem novoročních aktual... | 4 děti | 0 | |
| 2. | Sídlo parlamentu jisté země za... | Jihoafrická republika | 0 | |
| 3. | V Lomnici na Brněnsku koncerto... | Moravanka | 1 | |
| 4. | Ministr zdravotnictví Vlastimi... | Miroslava Kalouska | 1 | |
| 5. | Organizace Oktagon na poslední... | nacistickým tetováním | 0 | |
| 6. | V tomto tématu se podíváme pod... | kryptozoologie | 1 | |
| 7. | Tento živočich byl až do roku... | okapi | 0 | |
| 8. | Olgoj chorchoj je mytický píse... | Gobi | 1 | |
| 9. | První očitá svědectví o přítom... | čupakabra | 1 | |
| 10. | Tato smetanová zmrzlina je poj... | Pegas | 1 |